Política hemisférica de los noventa: elementos del debate estratégico en los Estados Unidos /

El autor analiza los alcances generales del cambio de la política hemisférica de los Estados Unidos en la década de los noventa. El reemplazo de la estrategia de la "contención" por la nueva política norteamericana de la "ampliación" ha significado la reafirmación, por parte de e...

Volledige beschrijving

Bewaard in:
Bibliografische gegevens
Hoofdauteur: Morandé, José A.
Formaat: Texto
Onderwerpen:
Tags: Voeg label toe
Geen labels, Wees de eerste die dit record labelt!

MARC

LEADER 00000 a a2200000 04500
001 7646
003
040
100 |a Morandé, José A.  
245 |a Política hemisférica de los noventa:   |b elementos del debate estratégico en los Estados Unidos /  |c José A. Morandé 
520 |a El autor analiza los alcances generales del cambio de la política hemisférica de los Estados Unidos en la década de los noventa. El reemplazo de la estrategia de la "contención" por la nueva política norteamericana de la "ampliación" ha significado la reafirmación, por parte de ese país, de sus intereses estratégicos tradicionales en el hemisferio, junto a una adhesión y compromiso mayoritario del continente Americano por los principios de la democracia y la economía de mercado. Este creciente consenso interamericano así como los nuevos desafíos y oportunidades que ofrece la actual agenda mundial y regional, han generado un debate intelectual y político en los círculos norteamericanistas del país del Norte. Para esto, entonces, a partir de dos visiones mundiales: realista y liberal, el ensayo intenta una explicación de la política exterior de Estados Unidos en la región, sobre la base de la interpretación de su contenido por parte de especialistas y políticos norteamericanos. Por medio de la utilización de dos categorías amplias (realismo-cauteloso y liberalismo-optimista), el trabajo intenta agrupar y explicar algunas de las tendencias que se manifiestan en Estados Unidos. Ambas categorías, si bien son coincidentes en cuanto a materias y valores a promover en la región, difieren sin embargo respecto a prescripciones, instrumentos de política exterior y, por último, a la prioridad que el continente tendría en la política hemisférica norteamericana. HB/HMBQ  
650 |a POLITICA EXTERIOR  
650 |a DEMOCRACIA  
650 |a ECONOMIA  
650 |a LIBERALISMO  
650 |a COOPERACION INTERNACIONAL  
650 |a DEMOCRACIA  
650 |a DESARROLLO REGIONAL  
773 |g volumen 29, número 114; páginas 175-185  
999 |c 32837  |d 32837